Joueur de l'ASSE 2023/2024 - Statistiques

Statistiques générales
  • Ce quiz a été pris 350 fois
    313 depuis la dernière actualisation
  • Le résultat moyen est 21 sur 37
Statistiques - réponses
Poste Réponse % Correct
G Gauthier Larsonneur
98%
G Etienne Green
93%
A Ibrahim Sissoko
91%
A Irvin Cardona
90%
A Mathieu Cafaro
90%
D Yvan Maçon
87%
D Anthony Briançon
86%
D Mickael Nadé
86%
D Léo Pétrot
85%
M Benjamin Bouchouari
83%
M Aimen Moueffek
80%
D Dylan Batubinsika
80%
M Florian Tardieu
76%
A Nathanael Mbuku
74%
M Thomas Monconduit
74%
G Boubacar Fall
73%
M Cheik Fall
73%
D Denis Appiah
73%
M Dylan Chambost
70%
A Ibrahima Wadji
70%
M Lamine Fomba
58%
A Maxence Rivera
53%
D Mahmoud Bentayg
51%
M Mathis Amougou
36%
M Antoine Gauthier
32%
A Stephan Diarra
32%
M Jules Mouton
29%
M Karim Cissé
28%
A Aiman Aiki
24%
D Beres Owusu
21%
D Bryan Djile Nokoue
19%
A Jibril Othman
19%
D Darling Bladi
18%
A El Hadji Dieye
11%
M Jebryl Sahraoui
3%
D Terry Elana
1%
A Yanis Lhéry
0%
Aucun quiz correspondant
Distribution des résultats
% des personnes avec chaque résultat
Percentile par nombre de réponses
Votre historique - résultats
Vous n’avez pas pris ce quiz depuis la dernière actualisation